Statistics for Top 10 Egg Producing US States

Click here to take the quiz!

General Stats

  • This quiz has been taken 30 times
  • The average score is 8 of 10

Answer Stats

Million EggsAnswer% Correct
476.6Texas
96%
302.4California
89%
782.6Ohio
85%
703.4Pennsylvania
81%
812.7Indiana
78%
361.1Michigan
78%
411.7Georgia
74%
1379.1Iowa
74%
343.4North Carolina
70%
291.5Missouri
67%

Score Distribution

Percentile by Number Answered

Percent of People with Each Score

Your Score History

You have not taken this quiz